000 01118cam a2200337 i 4500
999 _c550
_d550
001 17717018
003 GZU
005 20200907104833.0
008 130429s2013 enkab 000 0 eng
010 _a 2013016553
020 _a9781137276940
040 _aDLC
_beng
_cDLC
_erda
_dDLC
042 _apcc
050 0 0 _aD421
_b.L69 2013
082 0 0 _a909.82
_223
100 1 _aLowe, Norman.
245 1 0 _aMastering modern world history /
_cNorman Lowe.
246 3 0 _aModern world history
250 _aFifth edition.
264 1 _aHoundmills, Basingstoke, Hampshire ;
_aNew York, NY :
_bPalgrave Macmillan,
_c2013.
300 _axx, 698 pages :
_billustrations, maps ;
_c24 cm.
336 _atext
_2rdacontent
337 _aunmediated
_2rdamedia
338 _avolume
_2rdacarrier
490 0 _aPalgrave master series
650 0 _aHistory, Modern
_y20th century.
650 0 _aHistory, Modern
_y21st century.
906 _a7
_bcbc
_corignew
_d1
_eecip
_f20
_gy-gencatlg
942 _2lcc
_cBK
_e5th ed.
_h421
_iLOW
_kD
_m2013